Psychology / (Record no. 18623)
[ view plain ]
| 000 -LEADER | |
|---|---|
| fixed length control field | 01419cam a2200325 a 4500 |
| 001 - CONTROL NUMBER | |
| control field | 15974229 |
| 005 - DATE AND TIME OF LATEST TRANSACTION | |
| control field | 20201128021127.0 |
| 008 - FIXED-LENGTH DATA ELEMENTS--GENERAL INFORMATION | |
| fixed length control field | 091105s2010 xxka frbd 001 0 eng d |
| 010 ## - LIBRARY OF CONGRESS CONTROL NUMBER | |
| LC control number | 2009047013 |
| 020 ## - INTERNATIONAL STANDARD BOOK NUMBER | |
| International Standard Book Number | 9780273720119 (pbk.) |
| 020 ## - INTERNATIONAL STANDARD BOOK NUMBER | |
| International Standard Book Number | 0273720104 (pbk.) |
| 040 ## - CATALOGING SOURCE | |
| Original cataloging agency | DLC |
| Transcribing agency | DLC |
| Modifying agency | EG-ScBUE |
| 082 00 - DEWEY DECIMAL CLASSIFICATION NUMBER | |
| Classification number | 150 |
| Edition number | 22 |
| Item number | MAR |
| 100 1# - MAIN ENTRY--PERSONAL NAME | |
| Personal name | Martin, G. Neil |
| 9 (RLIN) | 36541 |
| 245 10 - TITLE STATEMENT | |
| Title | Psychology / |
| Statement of responsibility, etc | G. Neil Martin, Neil R. Carlson, William Buskist. |
| 250 ## - EDITION STATEMENT | |
| Edition statement | 4th ed. |
| 260 ## - PUBLICATION, DISTRIBUTION, ETC. (IMPRINT) | |
| Place of publication, distribution, etc | Harlow, United Kingdom : |
| Name of publisher, distributor, etc | Pearson Education Limited, |
| -- | Allyn & Bacon, |
| Date of publication, distribution, etc | 2010. |
| 300 ## - PHYSICAL DESCRIPTION | |
| Extent | [Various pagings] : |
| Other physical details | ill. (col.) ; |
| Dimensions | 27 cm. |
| 500 ## - GENERAL NOTE | |
| General note | Includes glossary. |
| 500 ## - GENERAL NOTE | |
| General note | Includes indexes. |
| 500 ## - GENERAL NOTE | |
| General note | Includes : my psych lab ; ISBN 9780273720164. |
| 504 ## - BIBLIOGRAPHY, ETC. NOTE | |
| Bibliography, etc | Includes bibliographical references. |
| 505 0# - FORMATTED CONTENTS NOTE | |
| Formatted contents note | The science of psychology-Research methods in psychology-Evolution, genetics and behaviour-Psychology and neuroscience -Sensation-Perception-Learning and behaviour-Memory-Consciousness-Language-Intelligence and thinking-Developmental psychology-Motivation and emotion-Personality-Social cognition and attiudes-Interpersonal and group processes -Health psychology-Abnormal psychology. |
| 650 #0 - SUBJECT ADDED ENTRY--TOPICAL TERM | |
| Topical term or geographic name as entry element | Psychology |
| 9 (RLIN) | 890 |
| 653 ## - INDEX TERM--UNCONTROLLED | |
| Resource For college | Nursing |
| Arrived date list | November2014 |
| 655 ## - INDEX TERM--GENRE/FORM | |
| Form subdivision | |
| -- | 34232 |
| 700 1# - ADDED ENTRY--PERSONAL NAME | |
| Personal name | Carlson, Neil R., |
| Dates associated with a name | 1942- |
| 9 (RLIN) | 36542 |
| 700 1# - ADDED ENTRY--PERSONAL NAME | |
| Personal name | Buskist, William |
| 9 (RLIN) | 36543 |
| 942 ## - ADDED ENTRY ELEMENTS (KOHA) | |
| Source of classification or shelving scheme | Dewey Decimal Classification |
| Call number prefix | 150 MAR |
| Withdrawn status | Item status | Source of classification or shelving scheme | Damaged status | Not for loan | Vendor | Home library | Current library | Shelving location | Date acquired | Source of acquisition | Cost, normal purchase price | Serial Enumeration / chronology | Total Checkouts | Total Renewals | Full call number | Barcode | Date last seen | Date last borrowed | Cost, replacement price | Koha item type |
|---|---|---|---|---|---|---|---|---|---|---|---|---|---|---|---|---|---|---|---|---|
| Dewey Decimal Classification | Baccah | Central Library | Central Library | Lower Floor | 16/11/2014 | 280.00 | 20677 | 10 | 21 | 150 MAR | 000037005 | 15/07/2025 | 05/12/2020 | 350.00 | Book - Borrowing |